Effects of biochar on corn ( zea mays.l) in farmer condition in kean svay district, kandal province; ប្រសិទ្ធភាពធ្យូងអង្កាមលើដំណាំពោតនៅក្នុងលក្ខខណ្ឌស្រែកសិករ នៅស្រុកកៀនស្វាយ ខេត្តកណ្តាល (Record no. 10408)

000 -LEADER
fixed length control field 00662nam a22001337a 4500
040 ## - CATALOGING SOURCE
Transcribing agency RUA
082 ## - DEWEY DECIMAL CLASSIFICATION NUMBER
Classification number AGR NHO 2015 B474 Or.1
100 ## - MAIN ENTRY--AUTHOR NAME
Personal name NHOU CHANTHOU; ញ៉ូ ចន្ធូ
245 ## - TITLE STATEMENT
Title Effects of biochar on corn ( zea mays.l) in farmer condition in kean svay district, kandal province; ប្រសិទ្ធភាពធ្យូងអង្កាមលើដំណាំពោតនៅក្នុងលក្ខខណ្ឌស្រែកសិករ នៅស្រុកកៀនស្វាយ ខេត្តកណ្តាល
260 ## - PUBLICATION, DISTRIBUTION, ETC. (IMPRINT)
Place of publication Phnom Penh
Name of publisher RUA
Year of publication 2015
300 ## - PHYSICAL DESCRIPTION
Number of Pages xi;45p;
Other physical details ill;
Dimensions 29cm;
856 ## - ELECTRONIC LOCATION AND ACCESS
Uniform Resource Identifier NHOU CHANTHOU
942 ## - ADDED ENTRY ELEMENTS (KOHA)
Koha item type AGR
952 ## - LOCATION AND ITEM INFORMATION (KOHA)
Withdrawn status [LOCAL, KOHA] 0
952 ## - LOCATION AND ITEM INFORMATION (KOHA)
Withdrawn status [LOCAL, KOHA] 0
952 ## - LOCATION AND ITEM INFORMATION (KOHA)
Withdrawn status [LOCAL, KOHA] 0
952 ## - LOCATION AND ITEM INFORMATION (KOHA)
Withdrawn status [LOCAL, KOHA] 0
952 ## - LOCATION AND ITEM INFORMATION (KOHA)
Withdrawn status [LOCAL, KOHA] 0
952 ## - LOCATION AND ITEM INFORMATION (KOHA)
Withdrawn status [LOCAL, KOHA] 0
952 ## - LOCATION AND ITEM INFORMATION (KOHA)
Withdrawn status [LOCAL, KOHA] 0
952 ## - LOCATION AND ITEM INFORMATION (KOHA)
Withdrawn status [LOCAL, KOHA] 0
Holdings
Permanent Location Date acquired Koha item type Lost status Shelving location Barcode Current Location Full call number
Library Block B2016-10-21AGR B474A02137Library Block BAGR NHO 2015 B474 Or.1
Library Block B2016-10-21AGR B474A01577Library Block BAGR NHO 2015 B474 Or.2
Library Block B2016-10-21AGR B474A01502Library Block BAGR NHO 2015 B474 Or.3
Library Block B2016-10-21AGR B474A00397Library Block BAGR NHO 2015 B474 Or.4
Library Block B2016-10-21AGR B474A02808Library Block BAGR NHO 2015 B474 Or.5
Library Block B2016-10-21AGR B474A00419Library Block BAGR NHO 2015 B474 Or.6
Library Block B2016-10-21AGR B474A02100Library Block BAGR NHO 2015 B474 Or.7
Library Block B2016-10-21AGR B474A02025Library Block BAGR NHO 2015 B474 Or.8
មជ្ឈមណ្ឌលឯការនៃសាកលវិទ្យាល័យភូមិន្ទកសិកម្មចំការដូង

Powered by Koha